Vil̲icaikkuyil : (Record no. 6017)
[ view plain ]
| 000 -LEADER | |
|---|---|
| fixed length control field | 00679cam a2200193 i 4500 |
| 001 - CONTROL NUMBER | |
| control field | 20655409 |
| 005 - DATE AND TIME OF LATEST TRANSACTION | |
| control field | 20250408070325.0 |
| 008 - FIXED-LENGTH DATA ELEMENTS--GENERAL INFORMATION | |
| fixed length control field | 180904e20151117ce 010 0 tamo |
| 020 ## - INTERNATIONAL STANDARD BOOK NUMBER | |
| ISBN | 9789557973005 |
| 040 ## - CATALOGING SOURCE (பட்டியலாக்க மூலம்) | |
| Original cataloging agency | DLC |
| Language of cataloging | eng |
| Description conventions | rda |
| Transcribing agency | DLC |
| Modifying agency | DLC |
| 082 ## - DDC Classification | |
| DDC Edition Number | 22 |
| 245 00 - TITLE STATEMENT | |
| Title | Vil̲icaikkuyil : |
| Remainder of title | ōyvunilaip piratikkalvip paṇippāḷar kalāpūṣaṇam Tirumati. Kōkilā Makēntiran̲ avarkaḷin̲ akavai ar̲upattaintu nir̲aivu malar / |
| 260 ## - PUBLICATION, DISTRIBUTION, ETC. | |
| Place of publication, distribution, etc. | Tellippalai |
| Name of publisher, distributor, etc. | Lyceum of Literary and Aesthetic Studies |
| Date of publication, distribution, etc. | 2015 |
| 300 ## - PHYSICAL DESCRIPTION | |
| Extent (e.g. Volumes, Pages etc.) | vi, 176 pages ; |
| 650 #0 - SUBJECT ADDED ENTRY--TOPICAL TERM | |
| Topical term or geographic name entry element | Tamil literature |
| 700 1# - ADDED ENTRY--PERSONAL NAME | |
| Personal name | Kalapooshan S. Selladurai |
| Relator term (Role) | |
| 700 1# - ADDED ENTRY--PERSONAL NAME | |
| Personal name | Raji Gengatharan |
| Relator term (Role) | |
| 942 ## - Koha item type (Biblio) | |
| Koha item type | Books in Stacks (Lending) |
| Lost status | Damaged status | Collection code | Home library | Current library | Date acquired | Accession Number | Item type |
|---|---|---|---|---|---|---|---|
| Lending | WERC Library | WERC Library | 04/08/2025 | 6921 | Books in Stacks (Lending) |
